[Event "ROM-ch U08"]
[Site "Calimanesti Caciulata"]
[Date "2019.04.16"]
[Round "2"]
[White "Boerescu Tutulan, Mihai Cristian"]
[Black "Ion, Alexandru"]
[Result "0-1"]
[WhiteElo "1001"]
[BlackElo "1001"]
[PlyCount "26"]
[EventDate "2019.04.15"]
[EventType "swiss"]
[EventRounds "9"]
[EventCountry "ROU"]
[SourceTitle "CBM 190 Extra"]
[Source "ChessBase"]
[SourceDate "2019.07.15"]
[SourceVersion "1"]
[SourceVersionDate "2019.07.15"]
[SourceQuality "1"]

1. e4 e6 2. Qf3 Nf6 3. Qd1 Nxe4 4. Bd3 Nc5 5. Nf3 Nxd3+ 6. cxd3 Bc5 7. 0-0 0-0 8. Qe1 Qe7 9. Nc3 b6 10. Nb5 Bb7 11. Nxc7 Bxf3 12. Nxa8 Qg5 13. Qe3 Qxg2# 0-1